The life of Muhammad (PBUH) (Record no. 185173)
[ view plain ]
| 000 -LEADER | |
|---|---|
| fixed length control field | 00732 a2200169 4500 |
| 003 - CONTROL NUMBER IDENTIFIER | |
| control field | Nust |
| 005 - DATE AND TIME OF LATEST TRANSACTION | |
| control field | 20230221081633.0 |
| 040 ## - CATALOGING SOURCE | |
| Transcribing agency | Nust |
| 082 ## - DEWEY DECIMAL CLASSIFICATION NUMBER | |
| Classification number | 297.63, SID |
| 100 ## - MAIN ENTRY--PERSONAL NAME | |
| Personal name | Siddiqui, Abdul Hameed. |
| 9 (RLIN) | 109259 |
| 245 ## - TITLE STATEMENT | |
| Title | The life of Muhammad (PBUH) |
| Statement of responsibility, etc. | Abdul Hameed Siddiqui. |
| 260 ## - PUBLICATION, DISTRIBUTION, ETC. | |
| Place of publication, distribution, etc. | New Delhi |
| Name of publisher, distributor, etc. | Adam Pub |
| Date of publication, distribution, etc. | 1994 |
| 300 ## - PHYSICAL DESCRIPTION | |
| Extent | 1975. |
| 505 ## - FORMATTED CONTENTS NOTE | |
| Formatted contents note | Arabic before Islam (Page-4), The Dawn (Page-29), The Call (Page-57), The Propaganda Campaign the Holy Prophet (Page-81), The Last Phase of Meccan Life (Page-107), The prophet Gains power (Page-141), The prophet on the Battle Field (Page-187), On the path of Victory (Page-223), Fulfiment of the Mission (Page-271). |
| 650 ## - SUBJECT ADDED ENTRY--TOPICAL TERM | |
| Topical term or geographic name entry element | Muhammad (PBUH) |
| 9 (RLIN) | 109260 |
| 942 ## - ADDED ENTRY ELEMENTS (KOHA) | |
| Source of classification or shelving scheme | |
| Koha item type | Book |
| Withdrawn status | Lost status | Source of classification or shelving scheme | Damaged status | Not for loan | Permanent Location | Current Location | Shelving location | Date acquired | Full call number | Barcode | Date last seen | Price effective from | Koha item type | Public note |
|---|---|---|---|---|---|---|---|---|---|---|---|---|---|---|
| Military College of Signals (MCS) | Military College of Signals (MCS) | General Stacks | 12/12/2016 | 297.63,SIQ | MCS2013 | 12/08/2016 | 12/12/2016 | Book | Almirah No.47, Shelf No.5 |
